00722nam a2200205 a 450000100100000000500170001000800410002702000240006802000240009204000250011608200150014110000380015624501530019426000530034730000320040049000100043250400280044270000360047083000100050600004705220201002053323.0180412s2015 dr ac 000 0 spa d a9789945595161 (v.1) a9789945595059 (v.2) aDO-SdBNPbspacBNPHU axxxxbxxxx1 aVásquez Güichardo, Julia Mery10aCiencias de la naturaleza 2 :bsegundo grado, primer ciclo educación primaria /cJulia Mery Vásquez Güichardo, Andrea Griselda Rincón Ozuna. aSanto Domingo :bActualidad Escolar 2000,c2015. av. :bil., retrs. ;c22 cm.1 aVeraz aBibliografía : p. 1681 aRincón Ozuna, Andrea Griselda 0aVeraz